| 000 | 00570nam a22001817a 4500 | ||
|---|---|---|---|
| 005 | 20251108164307.0 | ||
| 008 | 250721s1990 xx 000 0 ara d | ||
| 082 | 1 | 4 | _a355.033/اسل |
| 245 | 1 | 0 |
_aأسلحة و إرهاب : _bوجهات نظر إسرائيلية في ثلاثة أبحاث / |
| 264 | 1 |
_aعمان : _bدار الجليل، _c1990. |
|
| 300 | _a186ص | ||
| 650 | 1 | 7 | _aالشرق الأوسط |
| 650 | 1 | 7 | _aالسياسة العسكرية |
| 650 | 1 | 7 | _aإسرائيل |
| 710 | 2 |
_aدار الجليل _eترجمة |
|
| 942 |
_2ddc _cBK |
||
| 999 |
_c8597 _d8597 |
||